| 000 | 01826nam a2200541 i 4500 | ||
|---|---|---|---|
| 001 | 21602 | ||
| 003 | KOSZ 005 | ||
| 005 | 20200512130357.0 | ||
| 008 | 200512s1980 pl a f 001 0 pol | ||
| 015 | _aUWD 1980/7085 | ||
| 020 | _a830101086X | ||
| 035 | _a991013468819705066 | ||
| 035 | _a(PL-WaBN)b13628902-48omnis_nlop | ||
| 035 | _ab13628902 | ||
| 035 | _a(OCoLC)68662146 | ||
| 035 | _a(PL)b0000001362890 | ||
| 035 | _a(EXLNZ-48OMNIS_NETWORK)9910368774105606 | ||
| 040 |
_aWA N _cWA N _dKOSZ 005/RW |
||
| 041 | 1 |
_apol _heng |
|
| 046 | _k1974 | ||
| 080 | _a533.6 | ||
| 080 | _a534 | ||
| 080 | _a621.039 | ||
| 100 | 1 |
_aGlass, Irvine I. _eAutor |
|
| 245 | 1 | 0 |
_aFale uderzeniowe i człowiek / _cI. I. Glass ; [z angielskiego przełożył Andrzej Senatorski]. |
| 246 | 1 |
_iTytuł oryginału: _aShock waves and man, _f1974 |
|
| 260 |
_aWarszawa : _bPaństwowe Wydawnictwo Naukowe, _c1980. |
||
| 300 |
_a260, [3] stron : _bilustracje, wykresy ; _c20 cm. |
||
| 336 |
_aTekst _btxt _2rdacontent |
||
| 337 |
_aBez urządzenia pośredniczącego _bn _2rdamedia |
||
| 338 |
_aWolumin _bnc _2rdacarrier |
||
| 380 | _aKsiążki | ||
| 380 | _aPublikacje popularnonaukowe | ||
| 388 | _a1901-2000 | ||
| 388 | _a1945-1989 | ||
| 490 | 1 |
_aBiblioteka Problemów, _x0137-5032 ; _vt. 264 |
|
| 504 | _aIndeks. | ||
| 650 | 7 |
_aFale uderzeniowe _2DBN |
|
| 650 | 7 |
_aTechnika jądrowa _2DBN |
|
| 655 | 7 | _aWydawnictwa popularne | |
| 658 | _aFizyka i astronomia | ||
| 700 | 1 |
_aSenatorski, Andrzej _eTłumaczenie |
|
| 710 | 2 |
_aPaństwowe Wydawnictwo Naukowe _4pbl |
|
| 830 | 0 |
_aBiblioteka Problemów _vt. 264 |
|
| 856 |
_uhttp://koha.tu.koszalin.pl/cgi-bin/koha/opac-detail.pl?biblionumber=21602 _yKatalog online BPK |
||
| 942 |
_2UKD _cKS |
||
| 999 |
_c21602 _d21602 |
||